[Event "CRO-chT1B 26th"]
[White "Malesevic, Elvino"]
[Black "Novak, Danijel"]
[Site "Mali Losinj"]
[Round "6.56"]
[Result "0-1"]
[Date "2017.10.03"]
[WhiteElo "1782"]
[BlackElo "2317"]
[PlyCount "96"]
[EventDate "2017.09.28"]
[EventType "team-tourn"]
[EventRounds "9"]
[EventCountry "CRO"]
[SourceTitle "EXT 2018"]
[Source "ChessBase"]
[SourceDate "2017.10.13"]
[SourceVersion "1"]
[SourceVersionDate "2017.10.13"]
[SourceQuality "1"]
[WhiteTeam "Zadar"]
[BlackTeam "Pula"]
[WhiteTeamCountry "CRO"]
[BlackTeamCountry "CRO"]

1. e4 c5 2. Nf3 Nc6 3. Bc4 d6 4. d4 cxd4 5. Nxd4 Nf6 6. Nc3 Qb6 7. Nb3 e6 8. Be3 Qc7 9. 0-0 a6 10. a4 Be7 11. Be2 0-0 12. a5 Nd7 13. Qd2 Nce5 14. Rfd1 b5 15. axb6 Nxb6 16. Nb5 Qb8 17. Nxd6 Rd8 18. Qa5 Rxd6 19. Rxd6 Bxd6 20. Qxb6 Bb7 21. f3 Nd7 22. Qa5 Bxh2+ 23. Kf1 Bc7 24. Qd2 Nf6 25. Qb4 Bd6 26. Bc5 Bc7 27. Bd4 Bd6 28. Qa5 Nd7 29. Qa4 Qc7 30. Na5 e5 31. Nxb7 Qxb7 32. Bxa6 Qc7 33. Be3 Nc5 34. Bxc5 Bxc5 35. Qc4 Qe7 36. Ra5 Bb6 37. Qc6 Rb8 38. Rb5 Qd8 39. Rd5 Qh4 40. Ke2 Qf2+ 41. Kd1 Qg1+ 42. Kd2 Qxg2+ 43. Be2 Qg5+ 44. Kd1 Qg1+ 45. Kd2 Be3+ 46. Kd3 Bd4 47. Kc4 Qe1 48. Bd3 Qb4# 0-1

[Event "Topusko op 4th"]
[White "Muha, Magdalena"]
[Black "Malesevic, Elvino"]
[Site "Topusko"]
[Round "3"]
[Result "0-1"]
[Date "2015.08.02"]
[WhiteElo "1611"]
[BlackElo "1792"]
[PlyCount "94"]
[EventDate "2015.08.01"]
[EventType "swiss"]
[EventRounds "9"]
[EventCountry "CRO"]
[SourceTitle "CBM 167 Extra"]
[Source "ChessBase"]
[SourceDate "2015.09.14"]
[SourceVersion "1"]
[SourceVersionDate "2015.09.14"]
[SourceQuality "1"]

1. d4 d5 2. c4 e6 3. Nc3 c6 4. Nf3 Bd6 5. e3 f5 6. Bd3 Nf6 7. a3 0-0 8. b4 Ne4 9. Bb2 Nd7 10. Nd2 Qe7 11. 0-0 Ndf6 12. f3 Nxc3 13. Bxc3 e5 14. f4 exf4 15. exf4 Qe3+ 16. Kh1 Ng4 17. Qc2 Nf2+ 18. Rxf2 Qxf2 19. Rf1 Qh4 20. g3 Qf6 21. Nf3 h6 22. Ne5 Be6 23. c5 Bc7 24. a4 a6 25. b5 axb5 26. axb5 Bxe5 27. fxe5 Qg5 28. Bd2 Qg4 29. Be3 cxb5 30. Bxb5 Qe4+ 31. Qxe4 fxe4 32. Rf4 Ra3 33. Bg1 Rb3 34. Be2 Rb2 35. Bh5 Bh3 36. Rxf8+ Kxf8 37. Be3 Rb1+ 38. Bg1 Ke7 39. g4 Re1 40. g5 hxg5 41. e6 Bxe6 42. Kg2 Bf5 43. Bf2 Ra1 44. h3 g6 45. Bg4 Ra3 46. Bg3 Ra2+ 47. Kg1 Ke6 0-1

[Event "Topusko op 3rd"]
[White "Malesevic, Elvino"]
[Black "Ghersinich, Enrico"]
[Site "Topusko"]
[Round "8"]
[Result "1/2-1/2"]
[Date "2014.08.14"]
[WhiteElo "1909"]
[BlackElo "1652"]
[PlyCount "66"]
[EventDate "2014.08.08"]
[EventType "swiss"]
[EventRounds "9"]
[EventCountry "CRO"]
[SourceTitle "CBM 162 Extra"]
[Source "ChessBase"]
[SourceDate "2014.10.17"]
[SourceVersion "1"]
[SourceVersionDate "2014.10.17"]
[SourceQuality "1"]

1. e4 c5 2. Nf3 d6 3. Bb5+ Bd7 4. Qe2 a6 5. Bxd7+ Nxd7 6. e5 Nxe5 7. Nxe5 dxe5 8. Qxe5 e6 9. d3 Nf6 10. Nc3 Bd6 11. Qe2 h6 12. Ne4 Nxe4 13. Qxe4 Qc7 14. g3 Rd8 15. Bd2 Be5 16. Rb1 0-0 17. f4 Bf6 18. b3 e5 19. 0-0 Rfe8 20. f5 Rd4 21. Qg2 Qd7 22. Bc3 Rd6 23. Rbe1 Rd5 24. Re4 Bd8 25. h3 b5 26. Qe2 f6 27. a4 Bb6 28. Kg2 b4 29. Bd2 Rd4 30. Bc1 Rd8 31. Bb2 Rxe4 32. Qxe4 Qd5 33. Kf3 Kf7 1/2-1/2

[Event "Topusko op 2nd"]
[White "Bozinovic, Bogdan"]
[Black "Malesevic, Elvino"]
[Site "Topusko"]
[Round "1"]
[Result "1-0"]
[Date "2013.08.03"]
[WhiteElo "2218"]
[BlackElo "1916"]
[PlyCount "69"]
[EventDate "2013.08.03"]
[EventType "swiss"]
[EventRounds "7"]
[EventCountry "CRO"]
[SourceTitle "CBM 155 Extra"]
[Source "ChessBase"]
[SourceDate "2013.08.26"]
[SourceVersion "1"]
[SourceVersionDate "2013.08.26"]
[SourceQuality "1"]

1. d4 d5 2. c4 e6 3. Nc3 Nf6 4. Nf3 c6 5. Bg5 Nbd7 6. e3 Bb4 7. cxd5 exd5 8. Bd3 0-0 9. Qc2 Re8 10. Bxh7+ Kf8 11. Bd3 Qa5 12. 0-0 Bd6 13. Rfc1 Ng8 14. a3 Ndf6 15. b4 Qb6 16. h3 a6 17. Na4 Qa7 18. Ne5 Bxe5 19. dxe5 Rxe5 20. Bf4 Re8 21. Bd6+ Ne7 22. Bc5 Qb8 23. Nb6 Ra7 24. Nxc8 Rxc8 25. Bxa7 Qxa7 26. e4 dxe4 27. Bxe4 Qd4 28. Bf3 Kg8 29. Rd1 Qf4 30. Qd2 Qf5 31. Qd3 Qe5 32. Rac1 Ned5 33. Qd4 Qe7 34. Qc5 Qe6 35. Bxd5 1-0

[Event "CRO-chT2 1B League qual"]
[White "Horvat, David"]
[Black "Malesevic, Elvino"]
[Site "Opatija"]
[Round "2.1"]
[Result "1-0"]
[Date "2012.11.25"]
[WhiteElo "2184"]
[BlackElo "1891"]
[PlyCount "45"]
[EventDate "2012.11.24"]
[EventType "team-tourn"]
[EventRounds "3"]
[EventCountry "CRO"]
[SourceTitle "EXT 2014"]
[Source "ChessBase"]
[SourceDate "2013.11.20"]
[SourceVersion "1"]
[SourceVersionDate "2013.11.20"]
[SourceQuality "1"]
[WhiteTeam "Strigova Stridon"]
[BlackTeam "Zadar"]
[WhiteTeamCountry "CRO"]
[BlackTeamCountry "CRO"]

1. e4 e5 2. Nf3 Nc6 3. d4 exd4 4. Nxd4 d6 5. Nc3 Nf6 6. f3 a6 7. Be3 Nxd4 8. Qxd4 Be7 9. 0-0-0 c5 10. Qd2 Qc7 11. Bf4 0-0 12. Bxd6 Bxd6 13. Qxd6 Qa5 14. e5 Ne8 15. Qe7 Nc7 16. Bd3 Re8 17. Qh4 g6 18. Ne4 Kg7 19. Qf6+ Kg8 20. Nd6 Rf8 21. a3 Nb5 22. Be4 Rb8 23. Nxf7 1-0

[Event "CRO-chT2 1B League qual"]
[White "Malesevic, Elvino"]
[Black "Franciskovic, Vinko"]
[Site "Opatija"]
[Round "3.1"]
[Result "0-1"]
[Date "2012.11.25"]
[WhiteElo "1891"]
[BlackElo "2113"]
[PlyCount "42"]
[EventDate "2012.11.24"]
[EventType "team-tourn"]
[EventRounds "3"]
[EventCountry "CRO"]
[SourceTitle "EXT 2014"]
[Source "ChessBase"]
[SourceDate "2013.11.20"]
[SourceVersion "1"]
[SourceVersionDate "2013.11.20"]
[SourceQuality "1"]
[WhiteTeam "Zadar"]
[BlackTeam "Karlobag"]
[WhiteTeamCountry "CRO"]
[BlackTeamCountry "CRO"]

1. e4 e5 2. Nf3 Nc6 3. Bb5 Nge7 4. c3 d5 5. Nxe5 dxe4 6. Qa4 Qd5 7. Nxc6 Nxc6 8. 0-0 Bd7 9. Re1 0-0-0 10. Bc4 Qh5 11. Be2 Qg6 12. Bf1 Bd6 13. Na3 Rhe8 14. Nb5 Bc5 15. b4 Bb6 16. Qd1 a6 17. Na3 Ne5 18. d4 exd3 19. Be3 Bc6 20. Kh1 Ng4 21. Bxb6 Qh5 0-1